Enemies of The Doctor - Doctor Who Quiz - Statistics

General Stats
  • This quiz has been taken 33 times
  • The average score is 9 of 20
Answer Stats
Answer % Correct
Dalek
100%
Cyberman
96%
The Master
83%
Sontaran
75%
Weeping Angels
75%
Slitheen
58%
Zygon
58%
Auton
54%
Davros
54%
The Silence
46%
Ice Warriors
38%
Judoon
38%
Vashta Nerada
33%
Silurian
29%
The Great Intelligence
21%
Atraxi
13%
The Dream Lord
4%
Absorbaloff
0%
Akhaten
0%
Krilletane
0%
No matching quizzes found
Score Distribution
Percent of People with Each Score
Percentile by Number Answered
Your Score History
You have not taken this quiz